STRATEGIC FINANCIAL PLANNING OVER THE LI (Record no. 27838)
[ view plain ]
| 000 -LEADER | |
|---|---|
| fixed length control field | 00341nam a2200133Ia 4500 |
| 008 - FIXED-LENGTH DATA ELEMENTS--GENERAL INFORMATION | |
| fixed length control field | 240624s9999 xx 000 0 und d |
| 041 ## - LANGUAGE CODE | |
| Language code of text/sound track or separate title | eng |
| 082 ## - DEWEY DECIMAL CLASSIFICATION NUMBER | |
| Classification number | 332.024 CHA |
| 100 ## - MAIN ENTRY--PERSONAL NAME | |
| Personal name | CHARUPAT NARAT |
| 245 ## - TITLE STATEMENT | |
| Title | STRATEGIC FINANCIAL PLANNING OVER THE LI |
| 260 ## - PUBLICATION, DISTRIBUTION, ETC. | |
| Date of publication, distribution, etc. | 2012 |
| Place of publication, distribution, etc. | New York |
| Name of publisher, distributor, etc. | Cambridge |
| 300 ## - PHYSICAL DESCRIPTION | |
| Extent | 367 : p. : cm. ; 28 |
| 365 ## - TRADE PRICE | |
| Currency code | RS |
| Withdrawn status | Lost status | Damaged status | Not for loan | Home library | Current library | Shelving location | Date acquired | Cost, normal purchase price | Full call number | Barcode | Date last seen | Copy number | Price effective from | Koha item type |
|---|---|---|---|---|---|---|---|---|---|---|---|---|---|---|
| IMTN | IMTN | Rack 9-A | 08/18/2016 | 3335.00 | 332.024 CHA | 27838 | 06/24/2024 | 1 | 06/24/2024 | Books |